Lesotho business directory 2011/2012.

Bibliographic Details
Format: Book
Published: Pinetown: Brabys, 2011.
Subjects:
LEADER 00420cam a2200145 7i4500
001 0000027979
005 20130107090000.0
022 0 0 |a 10163999 
090 0 0 |a LESO 338.7025   |b LES 
245 0 0 |a Lesotho business directory 2011/2012. 
260 0 0 |a Pinetown:   |b Brabys,   |c 2011. 
300 # # |a 88 p. 
650 0 0 |a Business --   |x Directories --   |z Lesotho  
651 0 0 |a Lesotho  
999 |a B000030861  |b Directories  |c Countries  |e Business Information Centre